Závisť a jej rozpoznanie ako katalyzátor osobnej zmeny

Závisť je na pracovisku hrozbou, pretože je grom vzniku množstva problémov. Je to zdraviu škodlivá emócia, ktorá kazí medziľudské vzťahy. Ovplyvňuje motiváciu, angažovanosť, aj výkonnosť. Je to zdraviu škodlivá emócia, ktorá kazí medziľudské vzťahy.

Guardado en:
Detalles Bibliográficos
Autor principal: Vypušťáková, Zora
Formato: Capítulo de libro
Lenguaje:eslovaco
Materias:
Etiquetas: Agregar Etiqueta
Sin Etiquetas, Sea el primero en etiquetar este registro!

MARC

LEADER 00000naa a2200000 4500
001 0288116
005 20240417075215.8
041 0 |a slo 
044 |a SK 
245 1 0 |a Závisť a jej rozpoznanie ako katalyzátor osobnej zmeny  |c Zora Vypušťáková 
520 |a Závisť je na pracovisku hrozbou, pretože je grom vzniku množstva problémov. Je to zdraviu škodlivá emócia, ktorá kazí medziľudské vzťahy. Ovplyvňuje motiváciu, angažovanosť, aj výkonnosť. Je to zdraviu škodlivá emócia, ktorá kazí medziľudské vzťahy. 
610 2 0 |a emócie 
610 2 0 |a škody 
610 2 0 |a vzťahy medziľudské 
610 2 0 |a motivácia 
610 2 0 |a motivácia pracovná 
610 2 0 |a výkonnosť 
610 2 0 |a pracovisko 
610 2 0 |a pracovníci 
100 1 |a Vypušťáková, Zora